000
00313nam a22001337a 4500
008
190306b xxu||||| |||| 00| 0 eng d
020
_a
9781455707720
041
_a
eng
080
_a
610
100
_a
4
101
_a
SHM
245
_a
Differential Diagnosis of Common Complaints
_c
Seller, R.H
942
_2
udc
_c
BK
999
_c
54619
_d
54619